Foundations of American Constitutionalism

Gespeichert in:
Bibliographische Detailangaben
1. Verfasser: Richards, David A.J
Format: Buch
Sprache:Englisch
Veröffentlicht: Oxford Oxford University Press 1989
Ausgabe:1. ed.
Schlagworte:
Tags: Tag hinzufügen
Keine Tags, Fügen Sie das erste Tag hinzu!

MARC

LEADER 00000nam a2200000 4500
001 c018979
005 20221206131315.2
020 |a 0-19-505939-5 
041 0 |a eng 
044 |a US 
245 1 0 |a Foundations of American Constitutionalism  |c David A.J. Richards 
250 |a 1. ed. 
264 1 |a Oxford  |b Oxford University Press  |c 1989 
300 |a 315 s. 
610 2 0 |a politika 
610 2 0 |a ústava 
610 2 0 |a filozofia 
610 2 0 |a teórie politické 
610 2 0 |a história 
610 2 0 |a federácia 
610 2 0 |a zákony 
610 2 0 |a právo 
610 2 0 |a sloboda 
610 2 0 |a právo ústavné 
610 2 0 |a demokracia 
610 2 0 |a USA 
100 1 |a Richards, David A.J.